Social Demography: (Record no. 759644)

MARC details
000 -LEADER
fixed length control field 00355nam a2200133 4500
020 ## - INTERNATIONAL STANDARD BOOK NUMBER
ISBN 9781836595151
082 ## - DEWEY DECIMAL CLASSIFICATION NUMBER
Classification number 304.6
Item number ROB
100 ## - MAIN ENTRY--AUTHOR NAME
Personal name Roberts, Gabriel
245 ## - TITLE STATEMENT
Title Social Demography:
Statement of responsibility, etc Gabriel Roberts
260 ## - PUBLICATION, DISTRIBUTION, ETC. (IMPRINT)
Place of publication United Kingdom:
Name of publisher Ed-Tech Press,
Year of publication 2026
650 ## - SUBJECT ADDED ENTRY--TOPICAL TERM
Topical Term Social Demography
942 ## - ADDED ENTRY ELEMENTS (KOHA)
Source of classification or shelving scheme Dewey Decimal Classification
Koha item type Book
Holdings
Withdrawn status Lost status Source of classification or shelving scheme Damaged status Not for loan Home Library Current Location Date acquired Full call number Accession Number Price effective from Koha item type
    Dewey Decimal Classification     Dept. of Demography Dept. of Demography 19/05/2026 304.6 ROB/S DEM7941 19/05/2026 Book